Taylor Swift - Statistiques

Statistiques générales
  • Ce quiz a été pris 77 fois
  • Le résultat moyen est 30 sur 50
Statistiques - réponses
Date Album % Correct
2014 1989
96%
2008 Fearless
96%
2012 Red
96%
2006 Taylor Swift
96%
2019 Lover
94%
2017 Reputation
94%
2010 Speak Now
94%
2022 Midnights
93%
2024 The Tortured Poets Department
93%
2020 Folklore
91%
2020 Evermore
90%
Album réenregistré en 2021 Red (Taylor's Version)
90%
Album réenregistré en 2023 1989 (Taylor's Version)
89%
Album réenregistré en 2021 Fearless (Taylor's Version)
89%
Quel titre de Taylor Swift de 2014 compte le plus de vues de sa carrière avec 3,4 milliards de vues sur YouTube ? Shake It Off
89%
Album réenregistré en 2023 Speak Now (Taylor's Version)
89%
Quel rappeur interrompt le discours de Taylor Swift lors des MTV Video Music Awards de 2009 ? Kanye West
87%
Avec quel chanteur, Taylor Swift interprète-t-elle le titre "I Don't Wanna Live Forever" pour le film "Cinquante Nuances plus sombres" ? Zayn
86%
A quel chanteur et ex-petit ami de Taylor Swift, les chansons "Style", "Is It Over Now" et "Out of the Woods" s'adressent-elles ? Harry Styles
79%
En quelle année, Taylor Swift a reçu une première récompense pour son travail ? 2007
73%
Quel est le nom des fans de Taylor Swift ? Swifties
63%
Finit le titre de cette chanson : "Look What You Made Me..." Do
61%
De quel état des Etats-Unis vient-elle ? Pennsylvanie
61%
Finit le titre de cette chanson : "Blank..." Space
61%
Finit le titre de cette chanson : "Cruel..." Summer
61%
Finit le titre de cette chanson : "We Are Never Ever Getting Back..." Together
57%
Avec qui Taylor Swift interprète-t-elle le titre "Fortnight" ? Post Malone
56%
En quelle année, les chansons de Taylor Swift font leur retour sur Spotify et les autres plateformes de streaming ? 2017
54%
Avec qui Taylor Swift interprète-t-elle le titre "Karma" ? Ice Spice
54%
Finit le titre de cette chanson : "I Knew You Were..." Trouble.
54%
Comment s'appelle le label de disques américain avec qui il y'a eu un scandale concernant les droits des premiers albums de Taylor Swift ? Big Machine Records
51%
Pour quel film, en 2012, Taylor Swift réalise la bande originale avec le groupe The Civil Wars avec la chanson "Safe & Sound" ? Hunger Games
50%
Avec qui Taylor Swift interprète-t-elle le titre "Snow On The Beach" ? Lana Del Rey
50%
Comment s'appelle le joueur de football américain avec qui Taylor Swift est en couple depuis 2023 ? Travis Kelce
50%
Quelle chanson sortie en 2008 est la première chanson réenregistré a être dévoilée en 2020 ? Love Story
49%
Quelle chanson sortie en 2022 devient le titre le plus écouté sur la plateforme Spotify en une journée ? Anti-Hero
46%
Avec qui Taylor Swift interprète-t-elle le titre "Everything Has Changed" ? Ed Sheeran
44%
Finit le titre de cette chanson : "How You Get The..." Girl
43%
Avec qui Taylor Swift interprète-t-elle le titre "exile" ? Bon Iver
41%
Quel magazine a nommé Taylor Swift, personnalité de l'année en 2023 ? Time Magazine
40%
Avec qui Taylor Swift interprète-t-elle le titre "Florida!!!" ? Florence + The Machine
36%
Sur quel titre de Taylor Swift, Drake chante pour une pub Apple dans une salle de sport en 2016 ? Bad Blood
34%
Cite-moi une chanson récompensée aux Grammy Awards pas citée dans ce quiz : White Horse/Mean/All Too Well
21%
Avec quelle chanteuse, Taylor Swift chante sa chanson "Fifteen" aux Grammy Awards de 2009 ? Miley Cyrus
17%
Comment s'appelle l'auteure-compositrice américaine de musique country ayant co-écrit 17 des chansons de Taylor Swift dont "All Too Well" ou "Tim McGraw" ? Liz Rose
16%
Avec qui Taylor Swift interprète-t-elle le titre "That's When" ? Keith Urban
10%
Comment s'appelle le premier EP de Taylor Swift sortie en 2007 comprenant des reprises et des chansons originales sur Noël ? Sounds of the Season: The Taylor Swift Holiday Collection
10%
Avec qui Taylor Swift interprète-t-elle le titre "Electric Touch" ? Fall Out Boy
9%
Quel rôle, Taylor Swift a joué dans le film de 2019 "Cats" ? Bombalurina
4%
Pendant sa tournée "Fearless Tour", avec laquelle de ses chansons, Taylor Swift fait un mélange de "What Goes Around... Comes Around" de Justin Timberlake ? You're Not Sorry
4%
Aucun quiz correspondant
Distribution des résultats
% des personnes avec chaque résultat
Percentile par nombre de réponses
Votre historique - résultats
Vous n’avez pas pris ce quiz